000
00200 a2200097 4500
001
18387
100
_a
Plaat
245
_a
Ordinary diff equations
260
_a
_b
Holden day
_c
090
_c
13647
_d
13647
942
_a
NUST-CAE
_c
M
_c
4055
999
_c
253460
_d
253460